[Event "2. Rethymno Open"]
[Site "Rethymno GRE"]
[Date "2010.07.14"]
[Round "2.20"]
[White "Marountas, Ioannis"]
[Black "Orlov, Andrey"]
[Result "0-1"]
[WhiteElo "2167"]
[BlackElo "2502"]
[PlyCount "114"]
[EventDate "2010.07.13"]
[EventType "swiss"]
[EventRounds "9"]
[EventCountry "GRE"]
[Source "lmi"]
[SourceDate "2010.07.13"]

1. c4 c5 2. g3 Nf6 3. Bg2 e6 4. Nc3 a6 5. e4 Qc7 6. Nge2 d6 7. O-O Nbd7 8. d3
Rb8 9. a4 b6 10. f4 Be7 11. h3 h6 12. g4 g5 13. fxg5 hxg5 14. Bxg5 Nh7 15. Bxe7
Kxe7 16. Nf4 Bb7 17. d4 cxd4 18. Qxd4 Ne5 19. b3 Qc5 20. Rad1 Nf6 21. Qf2 Nfd7
22. Nce2 Qxf2+ 23. Rxf2 Nc5 24. Nc3 Nxb3 25. Rb2 Na5 26. Rxb6 Naxc4 27. Rb3
Rhc8 28. Nce2 Bc6 29. Rdb1 Rxb3 30. Rxb3 Bxa4 31. Rb7+ Bd7 32. Ra7 a5 33. Nd4
a4 34. Bf1 Kd8 35. Nh5 Rc7 36. Ra6 Ke7 37. g5 Nd2 38. Bb5 Ndf3+ 39. Kf2 Nxd4
40. Bxd7 Nxd7 41. Rxa4 Rc2+ 42. Kg3 Rc3+ 43. Kg2 Nf3 44. e5 Nxg5 45. h4 Nh7 46.
exd6+ Kxd6 47. Ng3 Ke7 48. Re4 Nhf6 49. Re1 Rc5 50. Rh1 Nh5 51. Ne4 Re5 52. Ng5
f6 53. Nf3 Rd5 54. Ra1 Ne5 55. Ra7+ Kf8 56. Ng1 Rd2+ 57. Kf1 Nf4 0-1

[Event "2. Rethymno Open"]
[Site "Rethymno GRE"]
[Date "2010.07.14"]
[Round "2.21"]
[White "Sulashvili, Malkhaz"]
[Black "Romsdal, Trond"]
[Result "1-0"]
[WhiteElo "2498"]
[BlackElo "2164"]
[PlyCount "129"]
[EventDate "2010.07.13"]
[EventType "swiss"]
[EventRounds "9"]
[EventCountry "GRE"]
[Source "lmi"]
[SourceDate "2010.07.13"]

1. d4 d5 2. Nf3 Nf6 3. c4 c6 4. e3 e6 5. Bd3 Nbd7 6. O-O dxc4 7. Bxc4 Bd6 8.
Qe2 O-O 9. Rd1 Qe7 10. e4 e5 11. d5 cxd5 12. Bxd5 Nxd5 13. Rxd5 Rd8 14. Nc3 b6
15. Bg5 Nf6 16. Rad1 Bb7 17. R5d2 Bc7 18. Nd5 Bxd5 19. Rxd5 Rxd5 20. Rxd5 Rd8
21. Rxd8+ Qxd8 22. Bxf6 Qxf6 23. Qa6 Qd8 24. g3 Bb8 25. Qb7 h6 26. Nd2 g6 27.
Nc4 Kg7 28. Ne3 Qc7 29. Qa8 Qc1+ 30. Kg2 Bd6 31. Qd5 Qc5 32. Kf3 Qxd5 33. Nxd5
b5 34. b3 f5 35. Ke2 Kf7 36. Kd3 Ke6 37. a4 bxa4 38. bxa4 Bc5 39. f3 h5 40. h3
Bf2 41. g4 fxg4 42. fxg4 hxg4 43. hxg4 a5 44. Kc4 Be1 45. Kb5 Kf7 46. Kc6 Ke6
47. Nb6 Bc3 48. Kb5 Be1 49. g5 Bd2 50. Nc4 Bxg5 51. Kxa5 Bf4 52. Kb5 g5 53. a5
g4 54. a6 g3 55. a7 g2 56. a8=Q g1=Q 57. Kc6 Qg6 58. Nd6 Kf6 59. Qd8+ Kg7 60.
Kd5 Kh7 61. Qd7+ Kg8 62. Qe7 Bg3 63. Nf5 Bf4 64. Qd8+ Kh7 65. Qh4+ 1-0

[Event "2. Rethymno Open"]
[Site "Rethymno GRE"]
[Date "2010.07.14"]
[Round "2.22"]
[White "Royset, Paal"]
[Black "Rombaldoni, Denis"]
[Result "1-0"]
[WhiteElo "2152"]
[BlackElo "2493"]
[PlyCount "87"]
[EventDate "2010.07.13"]
[EventType "swiss"]
[EventRounds "9"]
[EventCountry "GRE"]
[Source "lmi"]
[SourceDate "2010.07.13"]

1. e4 c6 2. d4 Na6 3. Nc3 Nc7 4. f4 d5 5. e5 g6 6. h3 h5 7. g3 Nh6 8. Be3 Bf5
9. Qd2 b5 10. Bg2 a5 11. a4 b4 12. Nd1 Rg8 13. Nf2 Bc8 14. Nd3 Ne6 15. Nf3 Ba6
16. O-O Nf5 17. Bf2 Bh6 18. h4 Qb6 19. c3 b3 20. Rfe1 Bf8 21. Nc5 Nxc5 22. dxc5
Qa7 23. e6 f6 24. Bh3 Nh6 25. Nd4 Qb7 26. Qd1 Rb8 27. f5 gxf5 28. Qxh5+ Kd8 29.
Bxf5 Qc7 30. Qf3 Bc4 31. Rad1 Kc8 32. g4 Ra8 33. Bg3 Qa7 34. Nxc6 Qxc5+ 35. Nd4
Nxf5 36. Qxf5 Bh6 37. Kh2 Kb7 38. Qf3 Rg6 39. Nf5 Rh8 40. Rd4 Rh7 41. Bd6 exd6
42. e7 Rg8 43. Rxc4 Bf4+ 44. Rxf4 1-0

[Event "2. Rethymno Open"]
[Site "Rethymno GRE"]
[Date "2010.07.14"]
[Round "2.23"]
[White "Hovhanisian, Mher"]
[Black "Hristodoulou, Panagiotis"]
[Result "1-0"]
[WhiteElo "2479"]
[BlackElo "2149"]
[PlyCount "81"]
[EventDate "2010.07.13"]
[EventType "swiss"]
[EventRounds "9"]
[EventCountry "GRE"]
[Source "lmi"]
[SourceDate "2010.07.13"]

1. e4 Nf6 2. Nc3 e5 3. Nf3 Nc6 4. Bb5 Bb4 5. O-O d6 6. d4 exd4 7. Nd5 Bc5 8. b4
Bb6 9. Bg5 Bd7 10. a4 a6 11. Bxf6 gxf6 12. Bxc6 bxc6 13. Nxb6 cxb6 14. Qxd4 Ke7
15. a5 c5 16. Qd2 Qc7 17. axb6 Qxb6 18. bxc5 Qxc5 19. Ra5 Qb6 20. Nd4 Rac8 21.
Rfa1 Rc4 22. c3 Rb8 23. h3 Qb2 24. Qxb2 Rxb2 25. Rxa6 Rxc3 26. Ra7 Rd2 27. Nf5+
Ke6 28. Rb7 Rc8 29. Raa7 Rd8 30. Ne3 h5 31. h4 f5 32. exf5+ Ke7 33. Nc4 Rd1+
34. Kh2 Ke8 35. Nb6 Bc6 36. Re7+ Kf8 37. Rxf7+ Kg8 38. Rg7+ Kf8 39. Raf7+ Ke8
40. Rc7 Kf8 41. f6 1-0

[Event "2. Rethymno Open"]
[Site "Rethymno GRE"]
[Date "2010.07.14"]
[Round "2.24"]
[White "Lakunza Plazaola, Asier"]
[Black "Filip, Lucian"]
[Result "0-1"]
[WhiteElo "2131"]
[BlackElo "2470"]
[PlyCount "70"]
[EventDate "2010.07.13"]
[EventType "swiss"]
[EventRounds "9"]
[EventCountry "GRE"]
[Source "lmi"]
[SourceDate "2010.07.13"]

1. e4 c5 2. Nf3 e6 3. d4 cxd4 4. Nxd4 a6 5. c4 Nf6 6. Nc3 Qc7 7. a3 b6 8. Be3
Bb7 9. Bd3 d6 10. O-O Nbd7 11. f3 Be7 12. Qd2 O-O 13. Rfc1 Rac8 14. b4 Qb8 15.
Nb3 Rfe8 16. Rab1 d5 17. c5 bxc5 18. bxc5 dxe4 19. Na5 Nxc5 20. Nxe4 Nxd3 21.
Qxd3 Rxc1+ 22. Bxc1 Bxe4 23. fxe4 Qa7+ 24. Be3 Bc5 25. Nc4 Ng4 26. Re1 Rc8 27.
h3 Nxe3 28. Nxe3 Bd4 29. Kh1 Rc3 30. Qd2 h6 31. Nc2 Be5 32. Rf1 Qe7 33. a4 Qg5
34. Qf2 Qg3 35. Qxf7+ Kh7 0-1

[Event "2. Rethymno Open"]
[Site "Rethymno GRE"]
[Date "2010.07.14"]
[Round "2.25"]
[White "Georgiadis, Ioannis"]
[Black "Kounalakis, Evryklis"]
[Result "1-0"]
[WhiteElo "2457"]
[BlackElo "2142"]
[PlyCount "87"]
[EventDate "2010.07.13"]
[EventType "swiss"]
[EventRounds "9"]
[EventCountry "GRE"]
[Source "lmi"]
[SourceDate "2010.07.13"]

1. e4 c6 2. d4 d5 3. Nc3 dxe4 4. Nxe4 Bf5 5. Ng3 Bg6 6. h4 h6 7. Nf3 Nd7 8. h5
Bh7 9. Bd3 Bxd3 10. Qxd3 e6 11. Bd2 Ngf6 12. O-O-O Be7 13. Qe2 O-O 14. Nf1 c5
15. g4 Nd5 16. c4 Nb4 17. dxc5 Na6 18. Rg1 Naxc5 19. g5 hxg5 20. Nxg5 Qb6 21.
Bc3 f6 22. Nxe6 Qxe6 23. Qxe6+ Nxe6 24. Rxd7 Rf7 25. Rxb7 Nf4 26. Kc2 Nxh5 27.
Ne3 Bf8 28. Rxf7 Kxf7 29. Rd1 Nf4 30. Rd7+ Ke6 31. Rb7 g5 32. b4 Nh3 33. Bd4
Rc8 34. b5 f5 35. Rxa7 f4 36. Ra6+ Kd7 37. Nf5 Rxc4+ 38. Kd3 Rb4 39. Rf6 Nxf2+
40. Bxf2 Rxb5 41. Rxf8 Rb2 42. Bd4 Rxa2 43. Ke4 Ra5 44. Rg8 1-0

[Event "2. Rethymno Open"]
[Site "Rethymno GRE"]
[Date "2010.07.14"]
[Round "2.26"]
[White "Kudriashova, Irina"]
[Black "D`Costa, Lorin A R"]
[Result "0-1"]
[WhiteElo "2120"]
[BlackElo "2456"]
[PlyCount "52"]
[EventDate "2010.07.13"]
[EventType "swiss"]
[EventRounds "9"]
[EventCountry "GRE"]
[Source "lmi"]
[SourceDate "2010.07.13"]

1. e4 c5 2. c3 d5 3. exd5 Qxd5 4. d4 g6 5. Nf3 Bg7 6. dxc5 Qxc5 7. Be3 Qa5 8.
Bc4 Nf6 9. O-O O-O 10. h3 Nc6 11. Nbd2 Qc7 12. Qe2 b6 13. Rad1 Bb7 14. Bg5 h6
15. Bh4 Nh5 16. Rfe1 e6 17. Ne4 Na5 18. Bb5 a6 19. Rd7 Qb8 20. Ba4 b5 21. Bc2
Bc6 22. Nc5 Nb7 23. Rxb7 Bxb7 24. Nd7 Qc7 25. Nxf8 Rxf8 26. Ne5 Nf4 0-1

[Event "2. Rethymno Open"]
[Site "Rethymno GRE"]
[Date "2010.07.14"]
[Round "2.30"]
[White "Pandelias, Emmanouil"]
[Black "Khotenashvili, Bela"]
[Result "0-1"]
[WhiteElo "2089"]
[BlackElo "2423"]
[PlyCount "69"]
[EventDate "2010.07.13"]
[EventType "swiss"]
[EventRounds "9"]
[EventCountry "GRE"]
[Source "lmi"]
[SourceDate "2010.07.13"]

1. d4 Nf6 2. Bf4 g6 3. e3 Bg7 4. Nf3 d6 5. c4 Nbd7 6. Nc3 Nh5 7. Bg5 c6 8. Be2
O-O 9. Nd2 Nhf6 10. O-O Qb6 11. Rb1 a5 12. a3 Re8 13. b4 axb4 14. axb4 Qc7 15.
Bf4 e5 16. Bg3 h5 17. dxe5 dxe5 18. Nde4 Nxe4 19. Nxe4 Nb6 20. Qd6 Qxd6 21.
Nxd6 Rd8 22. c5 Nd5 23. Bc4 Be6 24. Nxb7 Rdb8 25. Bxd5 Bxd5 26. Nd6 Ba2 27.
Rbc1 Rxb4 28. e4 Bf6 29. h4 Raa4 30. Rfd1 Bb3 31. Rd3 Kf8 32. Rcc3 Be6 33. Ra3
Rb1+ 34. Kh2 Rab4 35. Rab3 0-1

[Event "2. Rethymno Open"]
[Site "Rethymno GRE"]
[Date "2010.07.14"]
[Round "3.2"]
[White "Filip, Lucian"]
[Black "David, Alberto"]
[Result "1/2-1/2"]
[WhiteElo "2470"]
[BlackElo "2622"]
[PlyCount "89"]
[EventDate "2010.07.13"]
[EventType "swiss"]
[EventRounds "9"]
[EventCountry "GRE"]
[Source "lmi"]
[SourceDate "2010.07.13"]

1. Nf3 Nf6 2. c4 e6 3. g3 d5 4. d4 dxc4 5. Bg2 Nc6 6. Qa4 Nd7 7. Qxc4 Nb6 8.
Qb5 a6 9. Qd3 e5 10. Nxe5 Nb4 11. Qd1 Qxd4 12. Qxd4 Nc2+ 13. Kd1 Nxd4 14. Be3
Nf5 15. Bxb6 cxb6 16. Nc3 Bc5 17. Nd3 O-O 18. Nxc5 bxc5 19. e3 Be6 20. Kc2 Nd6
21. Rad1 Rad8 22. Bd5 b5 23. Bxe6 fxe6 24. Rd2 Kf7 25. Rhd1 Ke7 26. b3 a5 27.
e4 b4 28. e5 bxc3 29. exd6+ Kd7 30. Kxc3 Rf3+ 31. Kc2 Rdf8 32. Rf1 R8f5 33. Kd1
a4 34. bxa4 Ra3 35. Kc1 Rd5 36. Rc2 Rxa4 37. Re1 Kxd6 38. f4 c4 39. Re4 Rda5
40. Rexc4 Rxc4 41. Rxc4 Rxa2 42. Rc2 Rxc2+ 43. Kxc2 e5 44. fxe5+ Kxe5 45. Kd3
1/2-1/2

[Event "2. Rethymno Open"]
[Site "Rethymno GRE"]
[Date "2010.07.14"]
[Round "3.3"]
[White "Kryvoruchko, Yuriy"]
[Black "Georgiadis, Ioannis"]
[Result "1/2-1/2"]
[WhiteElo "2609"]
[BlackElo "2457"]
[PlyCount "142"]
[EventDate "2010.07.13"]
[EventType "swiss"]
[EventRounds "9"]
[EventCountry "GRE"]
[Source "lmi"]
[SourceDate "2010.07.13"]

1. Nf3 Nf6 2. g3 b6 3. Bg2 Bb7 4. O-O e6 5. c4 Be7 6. b3 O-O 7. Bb2 d5 8. e3
Nbd7 9. Nc3 Ne4 10. Ne2 a5 11. d3 Bf6 12. Bxf6 Nexf6 13. cxd5 Nxd5 14. d4 Qe7
15. Rc1 c5 16. Nc3 Nxc3 17. Rxc3 Rfd8 18. Qc2 cxd4 19. Nxd4 Bxg2 20. Kxg2 Nc5
21. a3 e5 22. Nf5 Qb7+ 23. Kg1 g6 24. Nh6+ Kg7 25. Ng4 Qd5 26. f3 h5 27. e4
Qd4+ 28. Nf2 Qd2 29. Rc1 Qxc2 30. R1xc2 Rd4 31. Kf1 Rad8 32. Ke2 f5 33. Ke3 Kf6
34. Rb2 R8d6 35. Rcc2 Nd3 36. Nxd3 Rxd3+ 37. Kf2 fxe4 38. fxe4 Kg5 39. a4 Kg4
40. Kg2 R6d4 41. Rc6 Rd2+ 42. Rxd2 Rxd2+ 43. Kg1 g5 44. Rxb6 Kf3 45. Rf6+ Kxe4
46. Rg6 Kf3 47. Rf6+ Kg4 48. Re6 Re2 49. Kf1 Kf5 50. Ra6 Rxh2 51. Rxa5 Rb2 52.
Rb5 h4 53. gxh4 gxh4 54. a5 Kf4 55. Rb7 h3 56. Kg1 Ra2 57. Rh7 Kg3 58. Rg7+ Kf3
59. Rf7+ Ke3 60. Rh7 Ra1+ 61. Kh2 e4 62. b4 Kf2 63. Rf7+ Ke2 64. Ra7 e3 65. b5
Ra2 66. Kxh3 Kd3 67. b6 e2 68. Rd7+ Kc4 69. Rc7+ Kd5 70. Re7 Rxa5 71. Rxe2 Rb5
1/2-1/2

[Event "2. Rethymno Open"]
[Site "Rethymno GRE"]
[Date "2010.07.14"]
[Round "3.4"]
[White "D`costa, Lorin A R"]
[Black "Borovikov, Vladislav"]
[Result "1/2-1/2"]
[WhiteElo "2456"]
[BlackElo "2601"]
[PlyCount "36"]
[EventDate "2010.07.13"]
[EventType "swiss"]
[EventRounds "9"]
[EventCountry "GRE"]
[Source "lmi"]
[SourceDate "2010.07.13"]

1. d4 d5 2. c4 c6 3. Nf3 Nf6 4. e3 a6 5. Bd3 Bg4 6. Nbd2 e6 7. b3 c5 8. dxc5
Bxc5 9. Bb2 Nc6 10. cxd5 Nxd5 11. Qe2 Bb4 12. Rc1 O-O 13. a3 Be7 14. O-O Bf6
15. Bxf6 Qxf6 16. Be4 Rfd8 17. Qc4 Bh5 18. Qc2 Bg6 1/2-1/2

[Event "2. Rethymno Open"]
[Site "Rethymno GRE"]
[Date "2010.07.14"]
[Round "3.5"]
[White "Volkov, Sergey"]
[Black "Dubov, Daniil"]
[Result "1/2-1/2"]
[WhiteElo "2597"]
[BlackElo "2446"]
[PlyCount "200"]
[EventDate "2010.07.13"]
[EventType "swiss"]
[EventRounds "9"]
[EventCountry "GRE"]
[Source "lmi"]
[SourceDate "2010.07.13"]

1. d4 d5 2. c4 c6 3. Nc3 Nf6 4. e3 e6 5. b3 Bb4 6. Bb2 c5 7. dxc5 O-O 8. a3
Bxc5 9. cxd5 exd5 10. Nf3 Nc6 11. b4 Bb6 12. Na4 Bc7 13. Be2 Bg4 14. Rc1 Bxf3
15. Bxf3 Be5 16. Bxe5 Nxe5 17. O-O a5 18. Nc3 axb4 19. axb4 Nxf3+ 20. Qxf3 Qd6
21. Rcd1 Qxb4 22. Nxd5 Nxd5 23. Qxd5 b6 24. g3 Rab8 25. Qd7 b5 26. Rd5 Qb2 27.
Qf5 b4 28. Rb1 Qa2 29. Ra5 Qc4 30. Rc5 Qa2 31. Ra5 Qc4 32. Qd5 Rfc8 33. Qxc4
Rxc4 34. Rb3 g6 35. Kf1 Rc1+ 36. Kg2 h5 37. Rd5 Rc4 38. Kf3 Kg7 39. Ke2 Rc2+
40. Kf1 Rb6 41. Rd4 Rf6 42. Rf4 Rxf4 43. exf4 h4 44. Rxb4 hxg3 45. hxg3 Rc5 46.
Kg2 Rc3 47. Rb7 Ra3 48. g4 Ra4 49. Kg3 Ra3+ 50. f3 Ra5 51. Rc7 Rb5 52. Ra7 Rc5
53. Re7 Kf6 54. Re8 Kg7 55. Re5 Rc7 56. Ra5 Rb7 57. f5 gxf5 58. Rxf5 f6 59. Rd5
Kg6 60. f4 Ra7 61. Kh4 Rh7+ 62. Kg3 Ra7 63. Rd6 Kg7 64. Kf3 Re7 65. Rc6 Kf7 66.
Rc3 Kg7 67. Re3 Ra7 68. Kg3 Kg6 69. Re6 Kf7 70. Rb6 Kg7 71. Kh4 Re7 72. Ra6 Rb7
73. Kh5 Rb5+ 74. f5 Rb7 75. Rd6 Ra7 76. Rd8 Rb7 77. Kh4 Ra7 78. Kg3 Rb7 79. Kf4
Re7 80. Kf3 Kf7 81. Rd6 Ra7 82. Ke4 Ke7 83. Rd4 Kf7 84. Kd5 Re7 85. Kc6 Re1 86.
Rd7+ Kg8 87. Kd5 Re5+ 88. Kd4 Re1 89. Kc5 Re5+ 90. Rd5 Re4 91. Rd4 Re5+ 92. Kd6
Kg7 93. Rc4 Kh6 94. Rc8 Kg5 95. Rg8+ Kf4 96. Rg6 Re4 97. Rg7 Re5 98. Kd7 Kf3
99. Rg6 Kf4 100. Kd6 Re4 1/2-1/2

[Event "2. Rethymno Open"]
[Site "Rethymno GRE"]
[Date "2010.07.14"]
[Round "3.6"]
[White "Banikas, Hristos"]
[Black "Richter, Michael"]
[Result "1-0"]
[WhiteElo "2591"]
[BlackElo "2428"]
[PlyCount "67"]
[EventDate "2010.07.13"]
[EventType "swiss"]
[EventRounds "9"]
[EventCountry "GRE"]
[Source "lmi"]
[SourceDate "2010.07.13"]

1. d4 d5 2. c4 c6 3. Nc3 dxc4 4. e3 b5 5. a4 b4 6. Na2 e6 7. Bxc4 Nf6 8. Nf3
Bb7 9. O-O Nbd7 10. b3 Be7 11. Bb2 O-O 12. Nc1 c5 13. a5 Rc8 14. Nd3 Qc7 15.
Nfe5 cxd4 16. Bxd4 Nxe5 17. Nxe5 Bd6 18. f4 Be4 19. Ng4 Nxg4 20. Qxg4 Bg6 21.
h4 h5 22. Qg3 Kh7 23. Rac1 Qxa5 24. Ra1 Qf5 25. Rxa7 Ra8 26. Rfa1 Rxa7 27. Rxa7
Bc5 28. Ra5 Qb1+ 29. Kh2 Bxd4 30. exd4 Qd1 31. d5 Qd2 32. dxe6 fxe6 33. Rg5 Qc2
34. Bxe6 1-0

[Event "2. Rethymno Open"]
[Site "Rethymno GRE"]
[Date "2010.07.14"]
[Round "3.10"]
[White "Bellia, Fabrizio"]
[Black "Svetushkin, Dmitry"]
[Result "0-1"]
[WhiteElo "2376"]
[BlackElo "2560"]
[PlyCount "90"]
[EventDate "2010.07.13"]
[EventType "swiss"]
[EventRounds "9"]
[EventCountry "GRE"]
[Source "lmi"]
[SourceDate "2010.07.13"]

1. e4 c6 2. d4 d5 3. f3 Qb6 4. Nc3 e6 5. a3 Nd7 6. Be3 Bd6 7. Kf2 Ne7 8. Nge2
O-O 9. Na4 Qd8 10. e5 Bb8 11. Kg1 f6 12. Nf4 Nf5 13. Nxe6 Nxe3 14. Qc1 Qa5 15.
Nxf8 Nxf8 16. Qxe3 Qxa4 17. exf6 gxf6 18. Bd3 Be6 19. Re1 Bd6 20. c3 Kg7 21.
Kf2 Qa5 22. g3 Qc7 23. Re2 Qf7 24. Rhe1 Bd7 25. Qd2 f5 26. Qg5+ Ng6 27. f4 Rg8
28. Re3 Qf6 29. h4 h6 30. Qxf6+ Kxf6 31. c4 dxc4 32. Bxc4 Rd8 33. Be6 Nf8 34.
Bxd7 Rxd7 35. Re8 Kf7 36. Ra8 a6 37. Ree8 Be7 38. Reb8 Ne6 39. Kg2 Bf6 40. h5
Bxd4 41. b3 Bf6 42. a4 Nd8 43. Rc8 Ke6 44. Kh3 Kd5 45. g4 Ke4 0-1

[Event "2. Rethymno Open"]
[Site "Rethymno GRE"]
[Date "2010.07.14"]
[Round "3.11"]
[White "Kharitonov, Alexandr"]
[Black "Lorscheid, Gerhard"]
[Result "1-0"]
[WhiteElo "2548"]
[BlackElo "2326"]
[PlyCount "77"]
[EventDate "2010.07.13"]
[EventType "swiss"]
[EventRounds "9"]
[EventCountry "GRE"]
[Source "lmi"]
[SourceDate "2010.07.13"]

1. d4 d5 2. c4 c6 3. Nc3 Nf6 4. e3 a6 5. Qc2 b5 6. b3 e6 7. Nf3 Nbd7 8. Bd3 Bb7
9. O-O Be7 10. c5 Qc7 11. e4 b4 12. Na4 dxe4 13. Bxe4 O-O 14. Bg5 Rfe8 15. Bd3
a5 16. Qe2 Nd5 17. Bxe7 Rxe7 18. Rfe1 Nf4 19. Qc2 Nxd3 20. Qxd3 Ba6 21. Qc2 Bb5
22. Nb2 Rd8 23. Rad1 Nf8 24. h4 g6 25. Ra1 Red7 26. a3 Qf4 27. axb4 axb4 28.
Nc4 Bxc4 29. Qxc4 Rxd4 30. Nxd4 Rxd4 31. Qa6 Rd2 32. Re2 Rxe2 33. Qxe2 Qxh4 34.
Ra8 Kg7 35. Ra7 Kg8 36. Rc7 Qd4 37. Rxc6 Qd5 38. Qf3 Qd4 39. Rc8 1-0

[Event "2. Rethymno Open"]
[Site "Rethymno GRE"]
[Date "2010.07.14"]
[Round "3.14"]
[White "Markidis, Konstantinos"]
[Black "Maiorov, Nikita"]
[Result "0-1"]
[WhiteElo "2342"]
[BlackElo "2532"]
[PlyCount "80"]
[EventDate "2010.07.13"]
[EventType "swiss"]
[EventRounds "9"]
[EventCountry "GRE"]
[Source "lmi"]
[SourceDate "2010.07.13"]

1. e4 e5 2. Nf3 Nc6 3. Bb5 a6 4. Ba4 Nf6 5. d3 d6 6. c3 g6 7. Bg5 h6 8. Bh4 Be7
9. Nbd2 O-O 10. Nf1 Nh5 11. Bxe7 Nxe7 12. Ne3 c5 13. Qd2 Kg7 14. O-O-O b5 15.
Bb3 a5 16. d4 cxd4 17. cxd4 Qc7+ 18. Kb1 Nf6 19. Bc2 Ra6 20. d5 Nd7 21. g4 Ng8
22. Rdg1 Nc5 23. Rg3 Nf6 24. Rh3 Rh8 25. Nf5+ gxf5 26. exf5 Nce4 27. Qe2 Qc4
28. Bd3 Qxd5 29. Rg1 Nc5 30. Bc2 Nfe4 31. Rh4 f6 32. g5 Bxf5 33. gxf6+ Kf8 34.
Ne1 Be6 35. Kc1 Rc6 36. Qxb5 Rc8 37. Qb6 Qxa2 38. Kd1 Qd5+ 39. Kc1 Nb3+ 40. Kb1
Qd1+ 0-1

[Event "2. Rethymno Open"]
[Site "Rethymno GRE"]
[Date "2010.07.14"]
[Round "3.15"]
[White "Tukhaev, Adam"]
[Black "Haugli, Petter"]
[Result "1-0"]
[WhiteElo "2518"]
[BlackElo "2301"]
[PlyCount "61"]
[EventDate "2010.07.13"]
[EventType "swiss"]
[EventRounds "9"]
[EventCountry "GRE"]
[Source "lmi"]
[SourceDate "2010.07.13"]

1. e4 c5 2. Nf3 e6 3. g3 Nc6 4. Bg2 Nf6 5. Qe2 d5 6. e5 Nd7 7. d3 Be7 8. c3 Qc7
9. Bf4 g5 10. Nxg5 Ndxe5 11. O-O Bd6 12. d4 cxd4 13. cxd4 Ng6 14. Bxd6 Qxd6 15.
Qe3 f6 16. Nf3 O-O 17. Nc3 Bd7 18. Rad1 Kg7 19. Rfe1 Rfe8 20. Nb5 Qb8 21. Qa3
Nf8 22. Bh3 a6 23. Nd6 Rd8 24. Nh4 Bc8 25. Nxc8 Qxc8 26. Ng2 Re8 27. Nf4 f5 28.
Nh5+ Kg6 29. g4 fxg4 30. Bxg4 Qd8 31. Qg3 1-0

[Event "2. Rethymno Open"]
[Site "Rethymno GRE"]
[Date "2010.07.14"]
[Round "3.16"]
[White "Royset, Paal"]
[Black "Pap, Misa"]
[Result "0-1"]
[WhiteElo "2152"]
[BlackElo "2509"]
[PlyCount "140"]
[EventDate "2010.07.13"]
[EventType "swiss"]
[EventRounds "9"]
[EventCountry "GRE"]
[Source "lmi"]
[SourceDate "2010.07.13"]

1. e4 c5 2. c3 d5 3. exd5 Qxd5 4. d4 Nc6 5. Nf3 Bg4 6. Be2 cxd4 7. cxd4 e6 8.
h3 Bh5 9. Nc3 Qa5 10. O-O Nf6 11. a3 Bd6 12. Be3 O-O 13. Qb3 Ne7 14. g4 Bg6 15.
Nd2 Ned5 16. Bf3 Nxe3 17. fxe3 Qg5 18. Nb5 Be7 19. Bg2 Qh4 20. Rac1 h5 21. gxh5
Nxh5 22. Nf3 Qg3 23. Rc7 Bf6 24. Rc5 Bf5 25. Rf2 b6 26. Rc3 Qg6 27. Nd6 Bxh3
28. Qc2 Qxc2 29. Rfxc2 Bxg2 30. Kxg2 a6 31. Rc6 b5 32. Nb7 Be7 33. Rc7 Rfe8 34.
Ne5 Nf6 35. Kf3 Nd5 36. R7c6 Reb8 37. Nc5 Bxc5 38. R2xc5 Ra7 39. e4 Ne7 40. Rc7
Rbb7 41. Rxe7 Rxe7 42. Rc8+ Kh7 43. Nc6 Rec7 44. Nxa7 Rxa7 45. Rc6 Kg6 46. d5
Kf6 47. dxe6 fxe6 48. b4 Ke5 49. Ke3 Ra8 50. Kf3 Rf8+ 51. Kg3 Ra8 52. Kf3 Ra7
53. Ke3 g6 54. Kf3 Ra8 55. Ke3 Ra7 56. Kf3 Rf7+ 57. Kg3 Ra7 58. Kf3 g5 59. Kg4
Kxe4 60. Rxe6+ Kd5 61. Rf6 Kc4 62. Kxg5 Kb3 63. Rf3+ Kb2 64. Kf6 Rc7 65. Ke5
Rc3 66. Rf4 Kxa3 67. Kd5 Kb3 68. Rf6 Kxb4 69. Rxa6 Kb3 70. Kd4 b4 0-1

[Event "2. Rethymno Open"]
[Site "Rethymno GRE"]
[Date "2010.07.14"]
[Round "3.17"]
[White "Orlov, Andrey"]
[Black "Ruiz C, Joshua D"]
[Result "1-0"]
[WhiteElo "2502"]
[BlackElo "2096"]
[PlyCount "51"]
[EventDate "2010.07.13"]
[EventType "swiss"]
[EventRounds "9"]
[EventCountry "GRE"]
[Source "lmi"]
[SourceDate "2010.07.13"]

1. e4 c5 2. Nc3 d6 3. g3 Nc6 4. Bg2 g6 5. d3 Bg7 6. Be3 e5 7. Qd2 Be6 8. Nge2
Nge7 9. Bh6 Bxh6 10. Qxh6 Qb6 11. Qd2 Nd4 12. Rb1 O-O 13. O-O f5 14. exf5 Nexf5
15. a3 Rae8 16. b4 Nxe2+ 17. Qxe2 cxb4 18. Rxb4 Qc5 19. Ne4 Qc7 20. Rxb7 Qxb7
21. Nf6+ Rxf6 22. Bxb7 Nd4 23. Qe3 Rf7 24. c3 Nc2 25. Qxa7 Ref8 26. Rc1 1-0

[Event "2. Rethymno Open"]
[Site "Rethymno GRE"]
[Date "2010.07.14"]
[Round "3.19"]
[White "Guidi, Maurizio"]
[Black "Turov, Maxim"]
[Result "0-1"]
[WhiteElo "2078"]
[BlackElo "2628"]
[PlyCount "50"]
[EventDate "2010.07.13"]
[EventType "swiss"]
[EventRounds "9"]
[EventCountry "GRE"]
[Source "lmi"]
[SourceDate "2010.07.13"]

1. e4 c5 2. d3 Nc6 3. Nf3 g6 4. g3 Bg7 5. Bg2 d6 6. O-O Nf6 7. Re1 O-O 8. c3
Bg4 9. h3 Bxf3 10. Bxf3 Nd7 11. Bg2 Rb8 12. Nd2 b5 13. Nf3 b4 14. d4 Qa5 15.
Qd3 bxc3 16. bxc3 cxd4 17. cxd4 Nxd4 18. Bd2 Nxf3+ 19. Bxf3 Ne5 20. Bxa5 Nxd3
21. Rad1 Nxe1 22. Rxe1 Rfc8 23. a3 Bc3 24. Bxc3 Rxc3 25. Kg2 Rxa3 0-1

[Event "2. Rethymno Open"]
[Site "Rethymno GRE"]
[Date "2010.07.14"]
[Round "3.20"]
[White "Iordachescu, Viorel"]
[Black "Delabaca, Romuald"]
[Result "1-0"]
[WhiteElo "2623"]
[BlackElo "2220"]
[PlyCount "145"]
[EventDate "2010.07.13"]
[EventType "swiss"]
[EventRounds "9"]
[EventCountry "GRE"]
[Source "lmi"]
[SourceDate "2010.07.13"]

1. d4 d5 2. c4 e6 3. Nf3 Nf6 4. g3 dxc4 5. Bg2 b5 6. Ne5 Nd5 7. O-O Bb7 8. e4
Nf6 9. d5 Nbd7 10. Nxd7 Qxd7 11. Nc3 a6 12. Re1 Be7 13. Bg5 e5 14. Qe2 O-O 15.
Rad1 Ne8 16. Be3 Nd6 17. Qc2 Qe8 18. f4 Bf6 19. Kh1 Bc8 20. Bc5 Bd7 21. Qf2 Qd8
22. Nb1 a5 23. Nd2 Re8 24. f5 Nb7 25. Be3 Bg5 26. Nf3 Bxe3 27. Qxe3 Nd6 28. g4
f6 29. g5 Qe7 30. Rg1 Kh8 31. Bh3 c6 32. gxf6 gxf6 33. Nh4 Rg8 34. Ng6+ hxg6
35. dxc6 g5 36. cxd7 Rad8 37. Rd5 Rxd7 38. Rgd1 Rgd8 39. Qc5 Qh7 40. Bg2 Qe7
41. Bf3 a4 42. a3 Kh7 43. Be2 Kh8 44. Kg2 Kg7 45. Kf1 Kf8 46. Qc6 Kg7 47. Ke1
Kf7 48. R1d2 Kg7 49. Qc5 Kf8 50. Qb4 Kf7 51. Bh5+ Kf8 52. Bg6 Kg7 53. Qc5 Kf8
54. Qc6 Kg7 55. Qc5 Kf8 56. Qb4 Kg7 57. Kd1 Kf8 58. Kc2 Kg7 59. Rd1 Kf8 60. Kc1
Kg7 61. R5d2 Kf8 62. Kc2 Kg7 63. Bh5 Kf8 64. Bf3 Kf7 65. Be2 Kf8 66. h3 Kf7 67.
Kc1 Kf8 68. Bh5 Kg7 69. h4 gxh4 70. Rg2+ Kh8 71. Rh1 Nxe4 72. Rxh4 Qxb4 73.
Bf7# 1-0

[Event "2. Rethymno Open"]
[Site "Rethymno GRE"]
[Date "2010.07.14"]
[Round "3.22"]
[White "Zubarev, Alexander"]
[Black "Romanos, Theodoros"]
[Result "1-0"]
[WhiteElo "2562"]
[BlackElo "2082"]
[PlyCount "59"]
[EventDate "2010.07.13"]
[EventType "swiss"]
[EventRounds "9"]
[EventCountry "GRE"]
[Source "lmi"]
[SourceDate "2010.07.13"]

1. e4 c5 2. Nf3 d6 3. d4 cxd4 4. Qxd4 Nc6 5. Bb5 Bd7 6. Bxc6 Bxc6 7. Nc3 Nf6 8.
Bg5 e6 9. O-O-O Be7 10. Rhe1 Qc7 11. Qd2 O-O-O 12. Nd4 a6 13. f3 Rhe8 14. Kb1
h6 15. Be3 Nd7 16. Qf2 Nc5 17. g4 b5 18. Nb3 Bb7 19. h4 Qc6 20. a3 Nxb3 21.
cxb3 Kb8 22. Rc1 Qd7 23. g5 h5 24. Qd2 g6 25. Na2 e5 26. Bb6 Rc8 27. Nb4 Qe6
28. Nxa6+ Bxa6 29. Qa5 Kb7 30. Bc7 1-0